logo

Bir Sreshtho Munshi Abdur Rouf Library
Jhenaidah Cadet College

Heat and thermodynamics : (Record no. 1967)

MARC details
000 -LEADER
fixed length control field 00864nam a2200289 a 4500
001 - CONTROL NUMBER
JCCL Control Number 1967
003 - CONTROL NUMBER IDENTIFIER
JCCL marc code BD-JhCC
005 - DATE AND TIME OF LATEST TRANSACTION
control field 20221124134023.0
008 - FIXED-LENGTH DATA ELEMENTS--GENERAL INFORMATION
fixed length control field 171026s1997 nyua b 001 0 eng d
020 ## - INTERNATIONAL STANDARD BOOK NUMBER
International Standard Book Number 0070170592 (acidfree paper)
035 ## - SYSTEM CONTROL NUMBER
system control number (BD-JhCC)1967
040 ## - CATALOGING SOURCE
Original cataloging agency DLC
Transcribing agency DLC
Modifying agency DLC
-- BD-JhCC
041 ## - LANGUAGE CODE
Language code of Book eng
050 00 - LIBRARY OF CONGRESS CALL NUMBER
Classification number QC254.2
Item number .Z45 1997
082 00 - DEWEY DECIMAL CLASSIFICATION NUMBER
Classification number 536.7
DDC Edition number 23
Author mark and Year ZEM 1997
100 1# - MAIN ENTRY--PERSONAL NAME
Personal name Zemansky, Mark Waldo,
Dates associated with a name 1900-
245 10 - TITLE STATEMENT
Title Heat and thermodynamics :
Remainder of title an intermediate textbook /
Statement of responsibility, etc Mark W. Zemansky, Richard H. Dittman.
250 ## - EDITION STATEMENT
Edition statement 7th ed.
260 ## - PUBLICATION, DISTRIBUTION, ETC. (IMPRINT)
Place of publication, distribution, etc New York :
Name of publisher, distributor, etc McGraw-Hill,
Date of publication, distribution, etc c1997.
300 ## - PHYSICAL DESCRIPTION
Pagination VIII, 487 p. :
Other physical details ill. ;
Dimensions 21 cm.
504 ## - BIBLIOGRAPHY, ETC. NOTE
Bibliography, etc Includes bibliographical references (p. 471-472) and index.
650 #0 - SUBJECT ADDED ENTRY--TOPICAL TERM
Topical term or geographic name as entry element Heat.
650 #0 - SUBJECT ADDED ENTRY--TOPICAL TERM
Topical term or geographic name as entry element Thermodynamics.
700 1# - ADDED ENTRY--PERSONAL NAME
Personal name Dittman, Richard.
942 ## - ADDED ENTRY ELEMENTS (KOHA)
Source of classification or shelving scheme Dewey Decimal Classification
Koha item type Books
Koha issues (borrowed), all copies 1
Holdings
Source of classification or shelving scheme Damaged status Not for loan Home library Current library Shelving location Date of accession Total Checkouts Full call number Barcode Date last seen Date checked out Copy number Koha item type
Dewey Decimal Classification     JCC Rouf Library JCC Rouf Library General Stacks 10/26/2017 3 536.7 ZEM 1997 2999 11/22/2023 05/29/2023 C-1 Books

JCC Library | Contacts | JCC Home

Last Update on 23 September 2017
Copyright @ 2017-2020 JCC Rouf Library
Rouf Library, Jhenidah Cadet College (JCC), Bangladesh